|
|
|
|
| LEADER |
00000nam0a2200000 4500 |
| 001 |
341384 |
| 005 |
20231102005335.0 |
| 035 |
|
|
|a (RuTPU)RU\TPU\book\369267
|
| 090 |
|
|
|a 341384
|
| 100 |
|
|
|a 20180913d2004 km y0rusy50 ca
|
| 101 |
0 |
|
|a rus
|
| 102 |
|
|
|a RU
|
| 105 |
|
|
|a y z 000zy
|
| 200 |
1 |
|
|a Опытное поле ТПУ в создании оптимальной социальной среды развития будущего специалиста
|f Томский политехнический университет (ТПУ)
|
| 210 |
|
|
|a Томск
|c Изд-во ТПУ
|d 2004
|
| 215 |
|
|
|a 34 с.
|
| 606 |
1 |
|
|a Томский политехнический университет
|2 stltpush
|3 (RuTPU)RU\TPU\subj\67475
|9 83260
|
| 610 |
1 |
|
|a высшее образование
|
| 610 |
1 |
|
|a Сибирь
|
| 610 |
1 |
|
|a ТПУ
|
| 610 |
1 |
|
|a история
|
| 610 |
1 |
|
|a управление
|
| 610 |
1 |
|
|a студенты
|
| 610 |
1 |
|
|a социальная среда
|
| 610 |
1 |
|
|a воспитательная работа
|
| 610 |
1 |
|
|a студенческое самоуправление
|
| 610 |
1 |
|
|a социализация
|
| 610 |
1 |
|
|a Коллекция История ТПУ
|
| 686 |
|
|
|a Ч484(2)72ТПУ
|v LBC/SL-A
|2 rubbk
|
| 712 |
0 |
2 |
|a Томский политехнический университет (ТПУ)
|c (1991-2009)
|2 stltpush
|3 (RuTPU)RU\TPU\col\376
|
| 801 |
|
1 |
|a RU
|b 63413507
|c 20180913
|
| 801 |
|
2 |
|a RU
|b 63413507
|c 20210205
|g RCR
|
| 942 |
|
|
|c BK
|